All letters from A to Z in 15 seconds - Statistiques

Statistiques générales
  • Ce quiz a été pris 132 fois
  • Le résultat moyen est 23 sur 26
Statistiques - réponses
Letter % Correct
A
99%
B
96%
E
96%
C
94%
D
93%
F
93%
G
93%
I
93%
J
93%
H
91%
O
91%
P
91%
K
90%
L
90%
M
90%
R
90%
U
90%
T
88%
Q
87%
S
87%
N
84%
V
84%
W
82%
Y
82%
Z
82%
X
78%
Aucun quiz correspondant
Distribution des résultats
% des personnes avec chaque résultat
Percentile par nombre de réponses
Votre historique - résultats
Vous n’avez pas pris ce quiz